| 000 | 00835nam a2200277Ia 4500 | ||
|---|---|---|---|
| 008 | 160319s9999 xx 000 0 und d | ||
| 100 | _aDK Interactive Learning (Firm). | ||
| 245 | _aI love science! / | ||
| 245 | _cDK Interactive Learning (Firm). | ||
| 260 | _aNew York, NY : | ||
| 260 | _bDK Interactive Learning, | ||
| 260 | _c1998 | ||
| 300 | _a1 video disc : | ||
| 300 | _bsound, colored ; | ||
| 300 | _c4 3/4 in. | ||
| 650 | _aExperiments -- | ||
| 650 | _aScience -- | ||
| 650 | _aScience -- Experiments -- | ||
| 650 | _aScience -- Study and teaching (Elementary) -- | ||
| 650 | _aScience -- Study and teaching (Elementary) -- | ||
| 650 | _xComputer-assisted instruction. | ||
| 650 | _xExperiments. | ||
| 650 | _xJuvenile software. | ||
| 650 | _xJuvenile software. | ||
| 650 | _xJuvenile software. | ||
| 999 |
_c292737 _d292737 |
||